PEPP: Jaké změny přinese nový panevropský penzijní produkt?

V Európskej únii prebieha legislatívny proces k diskutovanému návrhu Európskej komisie k paneurópskemu penzijnému produktu. Dôvody pre prijatie PEPP. Ide o skutočný penzijný produkt? Kto bude PEPP ponúkať. Krytie biometrických rizík. Úloha EIOPA.

Gespeichert in:
Bibliographische Detailangaben
1. Verfasser: Kunertová, Tereza
Format: Buchkapitel
Sprache:Tschechisch
Schlagworte:
Tags: Tag hinzufügen
Keine Tags, Fügen Sie das erste Tag hinzu!

MARC

LEADER 00000nla a2200000 4500
001 0247476
005 20240417075144.9
041 0 |a cze 
044 |a CZ 
245 1 0 |a PEPP: Jaké změny přinese nový panevropský penzijní produkt?  |c Tereza Kunertová 
520 |a V Európskej únii prebieha legislatívny proces k diskutovanému návrhu Európskej komisie k paneurópskemu penzijnému produktu. Dôvody pre prijatie PEPP. Ide o skutočný penzijný produkt? Kto bude PEPP ponúkať. Krytie biometrických rizík. Úloha EIOPA. 
610 2 0 |a poistenie dôchodkové 
610 2 0 |a poistenie dôchodkové doplnkové 
610 2 0 |a investície 
610 2 0 |a legislatíva 
610 2 0 |a harmonizácia 
610 2 0 |a Európska únia 
100 1 |a Kunertová, Tereza